Регионална библиотека "Любен Каравелов" - Русе

Стратегическо управление на туризма (Запис номер 65837)

MARC детайли
000 -Лидер
Контролно поле с фиксирана дължина 01895nam a2200361 c 4500
003 - Код на организацията, давaща контролен номер
Контролно поле BLK
005 - Дата и час на последна редакция
Контролно поле 20180422102802.0
008 - Елементи от данни с фиксирана дължина
fixed length control field 180408b bul|||||r ||||||| ||bul||
010 ## - Наследен системен номер
LC control number KNG00070119000
020 ## - Международен стандартен номер на книга ISBN
Международен стандартен номер на книга ISBN 954-535-415-1
-- издат.: Нов бълг. унив.
040 ## - Източник на каталожния запис
Идентификатор на билиотеката - собственик на записа BLK
041 ## - Код за език
Код за езика на текст/звукозапис или на отделно заглавие Български
Код за езика КДБФ Български
080 ## - УДК
Текстов определител УДК Туризмът от стопанско гледище. Политика по отношение на туризма. Икономика и организация на туризма. Вътрешен и международен туризъм. Вж и 379.8
УДК код - определител по УДК 338.48
УДК определител (075.8)
УДК - код + определител 338.48(075.8)
080 ## - УДК
Текстов определител УДК Методи на управление. Мениджмънт. Анализи, планиране, ръководство, сътрудничество, контрол, коопериране и др.
УДК код - определител по УДК 005.5
УДК определител
УДК - код + определител 005.5
100 1# - Редна дума - Автор
Автор Михайлов, Михаил Евтимов
Авторска отговорност първи автор
R(LIN) 370583
139 ## - Редно поле
Редна дума Михайлов, Михаил Евтимов
Авторски знак Михаи - М 74
245 10 - Сведения за заглавието
Заглавие Стратегическо управление на туризма
Редно поле (дума) Михаил Евтимов Михайлов; ред. Мариана Христова Мелнишка.
257 ## - Страна на издаване
Страна на създаване/издаване България
260 ## - Област на издателските данни
-- София
Име на издателя, разпространителя и проч. Нов бълг. унив.
Година на издаване 2005
300 ## - Физическа характеристика
Страници 248 с.
Илюстрации и др. с табл., сх.
Размери/Мащаб 24 см
380 ## - Жанр
Жанр Обществени науки
500 ## - Общи забележки
Забележка Библиогр. с. 246-248.
650 #4 - Допълнително описание по предмет – тема
Основно описание – тема или топоним Туризъм - икономика и организация
9 (RLIN) 263794
653 ## - Ключова дума – ненормативна
Ключова дума туризъм
653 ## - Ключова дума – ненормативна
Ключова дума икономика
653 ## - Ключова дума – ненормативна
Ключова дума управление
700 1# - Други автори (авторска отговорност)
Лично име Мелнишка, Мариана Христова
Автороска отговорност (Описва отношението между автора и произведението) ред.
Друга информация Екимова-Мелнишка, Мариана Христова
9 (RLIN) 366842
852 ## - Местоположение
Форматна сигнатура Цб 230486
856 4# - Електронен адрес и достъп
Електронен формат pdf - файл
Път до файла /url/
856 4# - Електронен адрес и достъп
Електронен формат pdf - файл
Път до файла /url/
942 ## - АРТИКУЛИ
Вид на библиотечния материал Книги
Скрит в OPAC Не
944 ## - СЪЗДАВАНЕ И РЕДАКЦИЯ на ЗАПИСА
Създаване/Редакция Създаване
Дата на регистрацията/редакция 19.12.2006
Служител, извършил регистрацията/редакцията Кети_Илиева
944 ## - СЪЗДАВАНЕ И РЕДАКЦИЯ на ЗАПИСА
Създаване/Редакция Редакция
Дата на регистрацията/редакция 15.12.2015
Служител, извършил регистрацията/редакцията Виолета_Тройчева
999 ## - СИСТЕМНИ КОНТРОЛНИ НОМЕРА
Koha biblionumber 65837
Koha biblioitemnumber 65837
Наличности
Код за отписване Код за изгубен артикул Код за повреда Коз за рестрикции Код за отдаване Артикулен № Име на библиотеката - собственик Име на библиотеката, в която се намира в момента Статус (Текущо местоположение) Дата на вписване в системата Местоположение - отдел Цена в лева Инвентарен номер Систематично азбучна сигнатура Баркод Номер на екземпляра Цена в евро Служебна бележка Служебен тип на артикула
  Не е изгубен Не е повреден без рестрикции ползва се в читалня 108639 Регионална библиотека "Любен Каравелов" Русе Регионална библиотека "Любен Каравелов" Русе Читалня 2006-12-18 Читалня 15.00 120000707610 Ч 338.4/М 74 120000707610 1 7.67 Дост: Pk Вид: Ф N: 47388 Дата: 16.12.2006 Дата инв: 23.03.2017 Бележки инв: Ч2017 Книги
  Не е изгубен Не е повреден без рестрикции ползва се в читалня 108640 Регионална библиотека "Любен Каравелов" Русе Регионална библиотека "Любен Каравелов" Русе Хранилище 2007-02-26 Хранилище 15.00 120000710277 Цб 230486 120000710277 2 7.67 Дост: Dp Вид: Д N: 20 Дата: 26.04.2006 Книги
  Не е изгубен Не е повреден без рестрикции заемане за дома 108641 Регионална библиотека "Любен Каравелов" Русе Регионална библиотека "Любен Каравелов" Русе Заемна - подръчен фонд 2007-06-14 Заемна - подръчен фонд 15.00 120000714569 П 338.4/М 74 120000714569 3 7.67 Дост: Pk Вид: Ф N: 401173 Дата: 05.06.2007 Дата инв: 05.02.2018 Бележки инв: П2018 Книги
Vip Innovations Ltd, Rousse, Bulgaria 2025